|
|
|
|
| LEADER |
00000cab a2200000 a 4500 |
| 001 |
vtls008984019 |
| 003 |
SK-MaSNL |
| 005 |
20260318124748.0 |
| 008 |
070425c2006 xo wr p 000 c0ukr |
| 015 |
|
|
|a SNBRB2007/04
|
| 038 |
|
|
|a SVKPOCL
|
| 040 |
|
|
|a SVKPO
|b slo
|c SVKPO
|e AACR2
|
| 041 |
0 |
|
|a ukr
|
| 044 |
|
|
|a xo
|c SK
|
| 080 |
|
|
|a 784.4(=161):06.063
|2 2001
|
| 080 |
|
|
|a 06.063
|2 2001
|
| 080 |
|
|
|a 784.4(=161.1):06.063
|2 2001
|
| 100 |
1 |
|
|a Mušinka, Mikuláš,
|d 1936-2024
|4 aut
|9 99915
|
| 245 |
1 |
0 |
|a "Makovyc'ka struna" zazvučala i v Prjaševi
|c Mykola Mušynka ; Foto Ol'hy Novak ta Myroslava Iljuka
|
| 300 |
|
|
|b Fotogr.
|
| 610 |
2 |
7 |
|a Mier (športová hala : Bardejov, Slovensko)
|2 svkpocl
|9 1065318
|
| 610 |
2 |
7 |
|a Dom kultúry (Prešov, Slovensko)
|2 svkpocl
|9 1067835
|
| 611 |
2 |
7 |
|a Makovická struna
|n (34. :
|d 2006 :
|c Bardejov a Prešov, Slovensko)
|2 svkpocl
|9 1292787
|
| 648 |
|
7 |
|a 9.-10.12.2006
|2 svkpocl
|9 1292788
|
| 650 |
0 |
7 |
|a rusínske ľudové piesne
|x súťaže
|x laureáti
|x koncerty
|2 svkpocl
|9 1292789
|
| 650 |
0 |
7 |
|a ukrajinské ľudové piesne
|x súťaže
|x laureáti
|x koncerty
|2 svkpocl
|9 1292790
|
| 651 |
|
7 |
|a Bardejov (Slovensko)
|2 svkpocl
|9 20040
|
| 651 |
|
7 |
|a Prešov (Slovensko)
|2 svkpocl
|9 17347
|
| 700 |
1 |
|
|a Nováková, Oľga
|4 pht
|9 6524
|
| 700 |
1 |
|
|a Iľuk, Miroslav,
|d 1942-
|4 pht
|9 6395
|
| 773 |
0 |
|
|t Nove žyttja
|g Roč. 56, č. 51-52 (2006), s. 1 a 2
|
| 852 |
|
|
|a SVKPO
|b KIS3GCP
|
| 958 |
|
|
|a UK
|
| 958 |
|
|
|a SK
|
| 958 |
|
|
|a RN
|
| 999 |
|
|
|c 2573021
|d 2574951
|